Are landlords' fears justified? (Record no. 74339)

MARC details
000 -LEADER
fixed length control field 00991cab a2200205 4500
001 - CONTROL NUMBER
control field ABS67633
008 - FIXED-LENGTH DATA ELEMENTS--GENERAL INFORMATION
fixed length control field 040401n2004 000 0 eng u
035 ## - SYSTEM CONTROL NUMBER
System control number (Sirsi) u125706
100 ## - MAIN ENTRY--PERSONAL NAME
Personal name Fox, A.
245 ## - TITLE STATEMENT
Title Are landlords' fears justified?
260 ## - PUBLICATION, DISTRIBUTION, ETC.
Date of publication, distribution, etc. 2004
490 ## - SERIES STATEMENT
Series statement Journal of the Law Society of Scotland
Volume/sequential designation 49(3) March 2004, 56(1)
520 ## - SUMMARY, ETC.
Summary, etc. Attempts to clarify the new obligations of landlords relating to fixed equipment, following the new forms of tenancy introduced by the Agricultural Holdings (Scotland) Act 2003 s16. Short limited and limited duration tenancies will now have obligations to provide fixed equipment which enables an occupier reasonably skilled in husbandry to maintain production.
590 ## - LOCAL NOTE (RLIN)
Local note ABS
650 ## - SUBJECT ADDED ENTRY--TOPICAL TERM
Topical term or geographic name entry element AGRICULTURAL HOLDINGS (SCOTLAND) ACT 2003
650 ## - SUBJECT ADDED ENTRY--TOPICAL TERM
Topical term or geographic name entry element FIXED EQUIPMENT MODEL CLAUSES
650 ## - SUBJECT ADDED ENTRY--TOPICAL TERM
Topical term or geographic name entry element PROPERTY-LANDLORD AND TENANT-TENANCIES-AGRICULTURAL TENANCIES
690 ## - LOCAL SUBJECT ADDED ENTRY--TOPICAL TERM (OCLC, RLIN)
Topical term or geographic name as entry element LANDLORD AND TENANT-AGRICULTURAL TENANCIES
942 ## - ADDED ENTRY ELEMENTS (KOHA)
Suppress in OPAC 0
Holdings
Withdrawn status Lost status Source of classification or shelving scheme Damaged status Not for loan Home library Current library Shelving location Date acquired Total Checkouts Full call number Barcode Date last seen Copy number Price effective from Koha item type
    Dewey Decimal Classification     London London Journal article 01/04/2004   ABS67633 125706-1001 06/08/2019 1 06/08/2019 Journal article